| 000 | 00460nam a2200169Ia 4500 | ||
|---|---|---|---|
| 999 |
_c1435 _d1435 |
||
| 003 | OSt | ||
| 005 | 20200925120136.0 | ||
| 008 | 190216s9999||||xx |||||||||||||| ||und|| | ||
| 040 | _coclc | ||
| 082 |
_a574.5 _bKOT/C |
||
| 100 |
_aKotpal, R L _95002 |
||
| 245 | 0 |
_aConcepts Of Ecology / _cR L Kotpal |
|
| 260 |
_bVishal Publcations, _c1989. _aDelhi: |
||
| 300 | _a264p | ||
| 650 | _aBotany | ||
| 942 |
_cBK _2ddc _h574.5 _iKOT/C _k574.5 _mKOT/C |
||